From Baker Street to binary : (Record no. 144541)

MARC details
000 -LEADER
fixed length control field 00971nam a2200277 a 4500
008 - FIXED-LENGTH DATA ELEMENTS--GENERAL INFORMATION
fixed length control field
020 ## - INTERNATIONAL STANDARD BOOK NUMBER
International Standard Book Number 0070369836 (pbk.)
049 ## - LOCAL HOLDINGS (OCLC)
Holding library MAIN
090 ## - LOCALLY ASSIGNED LC-TYPE CALL NUMBER (OCLC); LOCAL CALL NUMBER (RLIN)
Classification number (OCLC) (R) ; Classification number, CALL (RLIN) (NR) QA76
Local cutter number (OCLC) ; Book number/undivided call number, CALL (RLIN) LED
003 - CONTROL NUMBER IDENTIFIER
control field
005 - DATE AND TIME OF LATEST TRANSACTION
control field 20230123133213.0
040 ## - CATALOGING SOURCE
Transcribing agency NUST
100 1# - MAIN ENTRY--PERSONAL NAME
Personal name Ledgard, Henry F.
245 10 - TITLE STATEMENT
Title From Baker Street to binary :
Remainder of title an introduction to computers and computer programming /
Statement of responsibility, etc. Henry Ledgard, E. Patrick McQuaid, Andrew Singer.
260 ## - PUBLICATION, DISTRIBUTION, ETC.
Place of publication, distribution, etc. New York :
Name of publisher, distributor, etc. McGraw-Hill,
Date of publication, distribution, etc. 1983.
300 ## - PHYSICAL DESCRIPTION
Extent x, 277 p. :
Other physical details ill. ;
Dimensions 23 cm.
500 ## - GENERAL NOTE
General note Cover title: From Baker Street to binary : an introduction to computers and computer programming with Sherlock Holmes.
504 ## - BIBLIOGRAPHY, ETC. NOTE
Bibliography, etc. note Includes bibliographical references.
500 ## - GENERAL NOTE
General note Includes index.
650 #0 - SUBJECT ADDED ENTRY--TOPICAL TERM
Topical term or geographic name entry element Computers.
650 #0 - SUBJECT ADDED ENTRY--TOPICAL TERM
Topical term or geographic name entry element Computer programming.
700 1# - ADDED ENTRY--PERSONAL NAME
Personal name McQuaid, E. Patrick.
700 1# - ADDED ENTRY--PERSONAL NAME
Personal name Singer, Andrew.
907 ## - LOCAL DATA ELEMENT G, LDG (RLIN)
a .b10044346
b 21-03-12
c 17-04-03
942 ## - ADDED ENTRY ELEMENTS (KOHA)
Koha item type Ordinary Loan Books
Call number prefix QA76
Call number suffix LED
Holdings
Date last seen Total Checkouts Full call number Barcode Cost, replacement price Price effective from Koha item type Lost status Source of classification or shelving scheme Damaged status Not for loan Collection Withdrawn status Home library Current library Shelving location Date acquired Cost, normal purchase price
01/23/2023 4 QA76 LED 92003008432 80.00 01/23/2023 BOOKS   LCC     NFIC   MAIN MAIN GEN 01/23/2023 80.00